principles of Network and system administration (Record no. 24608)

MARC details
000 -LEADER
fixed length control field 00439nam a22001697a 4500
003 - CONTROL NUMBER IDENTIFIER
control field OSt
005 - DATE AND TIME OF LATEST TRANSACTION
control field 20211228112916.0
008 - FIXED-LENGTH DATA ELEMENTS--GENERAL INFORMATION
fixed length control field 211228b |||||||| |||| 00| 0 eng d
020 ## - INTERNATIONAL STANDARD BOOK NUMBER
International Standard Book Number 9971513641
040 ## - CATALOGING SOURCE
Transcribing agency hu
082 ## - DEWEY DECIMAL CLASSIFICATION NUMBER
Classification number 001.61
100 ## - MAIN ENTRY--PERSONAL NAME
Personal name Burgess Mark
9 (RLIN) 25715
245 ## - TITLE STATEMENT
Title principles of Network and system administration
Statement of responsibility, etc. Mark Burgess
260 ## - PUBLICATION, DISTRIBUTION, ETC.
Place of publication, distribution, etc. New York
Name of publisher, distributor, etc. John Wiley
Date of publication, distribution, etc. 2000
300 ## - PHYSICAL DESCRIPTION
Extent vii 416
Other physical details pc
942 ## - ADDED ENTRY ELEMENTS (KOHA)
Source of classification or shelving scheme Dewey Decimal Classification
Koha item type Books like text book referance book
Suppress in OPAC No
Holdings
Withdrawn status Lost status Source of classification or shelving scheme Damaged status Not for loan Collection code Home library Current library Shelving location Date acquired Total Checkouts Full call number Barcode Date last seen Copy number Price effective from Koha item type
    Dewey Decimal Classification     Non-fiction Wondo Genet Library Wondo Genet Library General Stacks 12/28/2021   M001.61 BUR 2000 WGCFNRL00009749 12/28/2021 1 12/28/2021 Books like text book referance book
    Dewey Decimal Classification       Wondo Genet Library Wondo Genet Library   09/20/2022   001.61 BUR 2000 WGCFNRL00019356 09/20/2022 2 09/20/2022 Books like text book referance book